000 00682nam a2200241Ia 4500
003 OSt
005 20220918174037.0
006 a|||||r|||| 00| 0
007 ta
008 220917b |||||||| |||| 00| 0 eng d
024 _a10,146
037 _cTextual
040 _aARTS
_cARTS
_beng
041 _2eng
_aeng
082 _aQ2:23, L3
100 _aWoodroffe J
_948880
245 0 _aSerpent power being the Sat Cakra Nirupana and Paduka Pancaka
_b Two works on Laya Yoga tr from the Sanskrit with introduction and commentary
250 _a9th
260 _c1973
650 _aRELIGION
942 _hQ2:23, L3
_cTEXL
_2CC
999 _c151536
_d151536